Word Ladder: Bruno Mars Quiz Stats

 Plays Quiz Updated Mar 26, 2013

Support Sporcle.
Go Orange.
Score 0/12 Timer 01:00
0 Plays Today
Clue 4-Letter Word % Correct
Once upon a ____TIME
93.9%
Alcoholic beverage made of grapesWINE
88.8%
Relay or Indy 500, e.g.RACE
87.6%
Body part for flyingWING
85.6%
Pointy part of a forkTINE
82.4%
Grain grown in a paddyRICE
81.8%
Bruno Mars Song - The ____ [last rung]
OR Like a couch potato
LAZY
79.7%
Frillly, like a a wedding gownLACY
75.6%
'The ___ of the Ancient Mariner'RIME
75.4%
Like a sex scandalRACY
74.3%
Bruno Mars Song - The [first rung] ____
OR A musical tune
SONG
63.7%
'To ___ Foo, Thanks for Everything, Julie Newmar'WONG
61%

Today's Daily Dose

Missing Word
'80s Musicals

Word Ladder
Hereditary

Get the Picture
Food Names

From the Vault

Last 25 Years: 'J' & 'K' Movies

by SporcleEXP

Movies 8m
'J' and 'K' all the way!
Remove Ads.
Support Sporcle.
Get the best of Sporcle when you Go Orange. This ad-free experience offers more features, more stats, and more fun while also helping to support Sporcle. Thank you for becoming a member.

Show Comments

Extras

Top Quizzes Today


Score Distribution

Your Account Isn't Verified!

In order to create a playlist on Sporcle, you need to verify the email address you used during registration. Go to your Sporcle Settings to finish the process.

Report this User

Report this user for behavior that violates our Community Guidelines.

Details: